[Event "Rhoen Seniors-B 4th"]
[Site "Bad Bocklet"]
[Date "2003.11.14"]
[Round "9"]
[White "Schreiber, Guenter"]
[Black "Gerull, Dietrich"]
[Result "1-0"]
[WhiteElo "1723"]
[BlackElo "1649"]
[PlyCount "43"]
[EventDate "2003.11.??"]
[EventType "swiss"]
[EventRounds "9"]
[EventCountry "GER"]
[SourceTitle "EXT 2006"]
[Source "ChessBase"]
[SourceDate "2005.11.24"]
[SourceVersion "1"]
[SourceVersionDate "2005.11.24"]
[SourceQuality "1"]

1. e4 d6 2. Bc4 Nf6 3. Nc3 g6 4. Nf3 Bg7 5. h3 b6 6. d4 0-0 7. 0-0 Ba6 8. Bxa6 Nxa6 9. a3 c6 10. Qe2 Nc7 11. Be3 Nd7 12. Nh2 e5 13. dxe5 Bxe5 14. Ng4 Bg7 15. Qd2 f5 16. exf5 Rxf5 17. Nh6+ Bxh6 18. Bxh6 d5 19. Rae1 Qf6 20. f4 Ne6 21. g4 Nxf4 22. Bxf4 1-0

[Event "Rhoen Seniors-B 4th"]
[Site "Bad Bocklet"]
[Date "2003.11.12"]
[Round "7"]
[White "Thonig, Manfred"]
[Black "Schreiber, Guenter"]
[Result "0-1"]
[WhiteElo "1579"]
[BlackElo "1723"]
[PlyCount "78"]
[EventDate "2003.11.??"]
[EventType "swiss"]
[EventRounds "9"]
[EventCountry "GER"]
[SourceTitle "EXT 2006"]
[Source "ChessBase"]
[SourceDate "2005.11.24"]
[SourceVersion "1"]
[SourceVersionDate "2005.11.24"]
[SourceQuality "1"]

1. f4 f5 2. e4 d6 3. Bd3 fxe4 4. Bxe4 Nf6 5. Bd3 e6 6. b3 Be7 7. Bb2 0-0 8. Nf3 Qe8 9. 0-0 Nc6 10. a3 Nd5 11. g3 Bf6 12. c3 e5 13. Qc2 Qh5 14. f5 Nde7 15. c4 Nd4 16. Nxd4 exd4 17. Rf4 c5 18. a4 Nc6 19. Be4 Ne5 20. Bd5+ Kh8 21. Qe4 Bg5 22. Rf2 Bd7 23. Na3 Bc6 24. Bxc6 bxc6 25. h4 Bf6 26. Kg2 Rae8 27. Raf1 Ng4 28. Qf3 Be5 29. Re1 g6 30. Qe2 Nxf2 31. Qxh5 gxh5 32. Kxf2 Rxf5+ 33. Kg2 Rg8 34. Re2 Rxg3+ 35. Kh1 Rf1+ 36. Kh2 Re3+ 37. Kg2 Rxe2+ 38. Kxf1 Rxd2 39. Bxd4 Bxd4 0-1

[Event "Rhoen Seniors-B 4th"]
[Site "Bad Bocklet"]
[Date "2003.11.07"]
[Round "2"]
[White "Schreiber, Guenter"]
[Black "Hoffmann, Erich"]
[Result "1-0"]
[WhiteElo "1723"]
[BlackElo "1707"]
[PlyCount "120"]
[EventDate "2003.11.??"]
[EventType "swiss"]
[EventRounds "9"]
[EventCountry "GER"]
[SourceTitle "EXT 2006"]
[Source "ChessBase"]
[SourceDate "2005.11.24"]
[SourceVersion "1"]
[SourceVersionDate "2005.11.24"]
[SourceQuality "1"]

1. e4 Nf6 2. d3 d5 3. e5 Nfd7 4. d4 e6 5. f4 c5 6. c3 Nc6 7. Nf3 cxd4 8. cxd4 Bb4+ 9. Nc3 0-0 10. Be2 a6 11. 0-0 Re8 12. Be3 Nf8 13. Rc1 Ne7 14. g4 Bd7 15. Bd3 Bxc3 16. bxc3 Bb5 17. Bxb5 axb5 18. Rf2 Ra3 19. Qf1 b4 20. Qd3 g6 21. Rcc2 Qa5 22. Bd2 b3 23. axb3 Rxb3 24. Ng5 Rb1+ 25. Kg2 Qa1 26. Nf3 Ra8 27. Be3 Ra3 28. Nd2 Rg1+ 29. Kh3 Qd1 30. Re2 Re1 31. Rxe1 Qxe1 32. Nf3 Qb1 33. Qd2 Qf1+ 34. Kg3 Qc4 35. Qc1 Rb3 36. Nd2 Qb5 37. Nxb3 Qxb3 38. Rb2 Qc4 39. Rxb7 Nc6 40. f5 exf5 41. gxf5 gxf5 42. Kf3 Ng6 43. Qd2 Qf1+ 44. Kg3 f4+ 45. Bxf4 Qg1+ 46. Qg2 Qxg2+ 47. Kxg2 Nxf4+ 48. Kf3 Ne6 49. Kg4 Kf8 50. h4 Na5 51. Rb5 Nc4 52. h5 h6 53. Rb8+ Kg7 54. Rb7 Ne3+ 55. Kf3 Nd1 56. Rb3 Nxc3 57. Rxc3 Nxd4+ 58. Kg4 Ne6 59. Rg3 Kf8 60. Kf5 Ng7+ 1-0